Estadísticas para Historia de España en un eje cronológico

Haz click aquí para intentar la prueba.

Estadísticas generales

  • Esta prueba ha sido intentada 2.419 veces
  • La puntuación promedio es 13 de 39

Respuestas en el mapa

Las respuestas están codificadas por una escala verde-roja en el mapa de la prueba según el % correcto abajo.
 

Estadísticas de respuestas

Respuesta% Correcto
Guerra Civil
82%
Llegada de Colón a América
78%
Franquismo
74%
Segunda República
65%
Primera República
62%
Reconquista
55%
Guerra de la Independencia
53%
Transición
49%
Al-Ándalus
48%
Dictadura de Primo de Rivera
45%
Atentados del 11 de marzo de 2004
42%
Golpe de Estado de 1981
42%
Constitución de Cádiz
41%
Don Quijote (Cervantes)
41%
Guerra de sucesión española
38%
Batalla de las Navas de Tolosa
37%
1.ª guerra carlista
33%
2.ª guerra carlista
33%
3.ª guerra carlista
33%
Guerra de Cuba
31%
Restauración borbónica
28%
Terrorismo de ETA
27%
Constitución de 1978
26%
Batalla del Ebro
21%
Guerra del Rif
21%
Sexenio democrático
21%
Trienio liberal
21%
Declaración de independencia de Cataluña
20%
Las meninas (Velázquez)
20%
Revolución de 1868
17%
Batalla de Bailén
15%
Conquista de México
15%
Conquista del imperio incaico
13%
Absolutismo borbónico
12%
Guerra de Flandes
12%
Desastre de Annual
11%
Unión ibérica
9%
Tratado de Utrecht
7%
Guerras de independencia hispanoamericanas
4%

Distribución de puntuación

Porcentaje por número respondido

Porcentaje de gente con cada puntuación

Historial de tus puntuaciones

No has intentado esta prueba.